Séries commençant par la lettre T - Statistiques

Statistiques générales
  • Ce quiz a été pris 264 fois
  • Le résultat moyen est 5 sur 9
Statistiques - réponses
Par images Réponse % Correct
Totally Spies
94%
Teletubbies
92%
The Big Bang Theory
84%
The Office
80%
The Crown
79%
The Walking Dead
75%
Tout Le Monde Déteste Chris
15%
The Good Wife
7%
Top Boy
6%
Aucun quiz correspondant
Distribution des résultats
% des personnes avec chaque résultat
Percentile par nombre de réponses
Votre historique - résultats
Vous n’avez pas pris ce quiz